logo

Bir Sreshtho Munshi Abdur Rouf Library
Jhenaidah Cadet College

First Aid Fast : (Record no. 6947)

MARC details
000 -LEADER
fixed length control field 00619pam a2200229 a 4500
003 - CONTROL NUMBER IDENTIFIER
JCCL marc code BD-JhCC
005 - DATE AND TIME OF LATEST TRANSACTION
control field 20180210164712.0
008 - FIXED-LENGTH DATA ELEMENTS--GENERAL INFORMATION
fixed length control field 860612s2006 s a 001 0 eng
020 ## - INTERNATIONAL STANDARD BOOK NUMBER
International Standard Book Number 9780756619312
035 ## - SYSTEM CONTROL NUMBER
system control number (BD-JhCC) 6947
040 ## - CATALOGING SOURCE
Original cataloging agency BD-JhCC
Modifying agency BD-JhCC
041 ## - LANGUAGE CODE
Language code of Book eng
082 00 - DEWEY DECIMAL CLASSIFICATION NUMBER
Classification number 618.920025
Author mark and Year WAL 2006
100 1# - MAIN ENTRY--PERSONAL NAME
Personal name Walker, Allen R.,
245 10 - TITLE STATEMENT
Title First Aid Fast :
Remainder of title for babies and children /
Statement of responsibility, etc Allen R.Walker
260 ## - PUBLICATION, DISTRIBUTION, ETC. (IMPRINT)
Place of publication, distribution, etc Singapur :
Name of publisher, distributor, etc Tien wah press,
Date of publication, distribution, etc 2006.
300 ## - PHYSICAL DESCRIPTION
Pagination 128 p. :
Other physical details ill. ;
Dimensions 24 cm.
650 #0 - SUBJECT ADDED ENTRY--TOPICAL TERM
Topical term or geographic name as entry element Pediatric emergency
650 #0 - SUBJECT ADDED ENTRY--TOPICAL TERM
Topical term or geographic name as entry element First Aid
942 ## - ADDED ENTRY ELEMENTS (KOHA)
Source of classification or shelving scheme Dewey Decimal Classification
Koha item type Books
Holdings
Source of classification or shelving scheme Damaged status Not for loan Home library Current library Shelving location Total Checkouts Full call number Barcode Date last seen Copy number Koha item type
Dewey Decimal Classification     JCC Rouf Library JCC Rouf Library General Stacks   618.920025 WAL 2006 7899 02/01/2018 C - 1 Books

JCC Library | Contacts | JCC Home

Last Update on 23 September 2017
Copyright @ 2017-2020 JCC Rouf Library
Rouf Library, Jhenidah Cadet College (JCC), Bangladesh